MARC details
| 000 -LEADER |
| fixed length control field |
04444nam a2200289 i 4500 |
| 003 - CONTROL NUMBER IDENTIFIER |
| control field |
CSPC |
| 005 - DATE AND TIME OF LATEST TRANSACTION |
| control field |
20260211144004.0 |
| 008 - FIXED-LENGTH DATA ELEMENTS--GENERAL INFORMATION |
| fixed length control field |
251027s2022 onca b 001 0 eng d |
| 020 ## - INTERNATIONAL STANDARD BOOK NUMBER |
| International Standard Book Number |
9781774690369 |
| 040 ## - CATALOGING SOURCE |
| Transcribing agency |
CSPC |
| Original cataloging agency |
CSPC |
| Language of cataloging |
eng |
| Description conventions |
rda |
| 050 00 - LIBRARY OF CONGRESS CALL NUMBER |
| Classification number |
SH155.5 |
| Item number |
.B674 2022 |
| 082 04 - DEWEY DECIMAL CLASSIFICATION NUMBER |
| Classification number |
639.3 |
| Item number |
B644m |
| 100 1# - MAIN ENTRY--PERSONAL NAME |
| Personal name |
Borges, Bruno Augusto Amato, |
| Relator term |
author. |
| 245 10 - TITLE STATEMENT |
| Title |
Molecular genetics in fisheries / |
| Statement of responsibility, etc. |
Bruno Augusto Amato Borges. |
| 264 #1 - PRODUCTION, PUBLICATION, DISTRIBUTION, MANUFACTURE, AND COPYRIGHT NOTICE |
| Place of production, publication, distribution, manufacture |
Burlington, Ontario : |
| Name of producer, publisher, distributor, manufacturer |
Delve Publishing, |
| Date of production, publication, distribution, manufacture, or copyright notice |
2022. |
| 300 ## - PHYSICAL DESCRIPTION |
| Extent |
xiii, 221 pages : |
| Other physical details |
color illustrations ; |
| Dimensions |
24 cm. |
| 336 ## - CONTENT TYPE |
| Source |
rdacontent |
| Content type term |
text |
| 337 ## - MEDIA TYPE |
| Source |
rdamedia |
| Media type term |
unmediated |
| 338 ## - CARRIER TYPE |
| Source |
rdacarrier |
| Carrier type term |
volume |
| 504 ## - BIBLIOGRAPHY, ETC. NOTE |
| Bibliography, etc. note |
Includes bibliographical references and index. |
| 505 0# - FORMATTED CONTENTS NOTE |
| Formatted contents note |
Diversity and biology of fishes -- Molecular genetics -- Fish genetics -- Genetics and fish breeding -- Molecular markers in fish -- Catfish hybrid technology -- Transgenic fish research -- Securing the future of seafood through genetics and genomic application -- Conservation biology of fisheries science -- The future of fisheries science. |
| 520 ## - SUMMARY, ETC. |
| Summary, etc. |
"Since the emergence of starch gel electrophoresis around four decades ago, genetic polymorphism has gradually intensified in fish studies. Basically, this polymorphism has been utilized as a marker to make broader inferences about the genetic quality of the research, rather than just including the polymorphic locus itself. Although the introductory research included proteins such as hemoglobin and transferrin, it immediately changed to using enzymatic proteins (isoenzymes). Over the past decade, people have been expanding their attention to coordinate DNA assessment, first with mitochondrial DNA, and then with the establishment of molecular methods, namely nuclear DNA. This volume suggests that mechanical advances in new genetic technology usually come from natural aquatic system inspections other than fish, despite the fact that this usually requires specialized adaptations to support fish stocks. Fish geneticists need updated information about genetic improvements in model organisms. Sometimes, this method may be misleading but research in fish (such as salmon) can be used in genetic sequencing detection for more reliable outcomes. <br/>Since the original study around 20 years ago, the use of genetic methods to solve the problems of ecology and evolutionary research in fish has expanded incredibly. Significant advances in genetic hypotheses, and the availability of genetic markers, cost adequacy, and goals that are critical to the particularly rapid progress in the last decade. The genetic investigation of elasmobranchs has direct significance and has been applied to fishery management and conservation matters, such as defining fish species from their fins. In the future, the use of modern genetic mapping technologies will grow, which shall accelerate the development of genetic data and the improvement of new markers at a lower cost, preparing for the transition from quality inspections to genome-scale inspections. This volume examines different areas of the submolecular genetic quality of the elasmobranch branch related to fisheries and protection, with particular emphasis on (species distinction evidence, systematic geography, heritability population size, submolecular development rate and reproduction strategy). Also, the application of genome assets (computational genome sequencing), depending on the rise in the number of sub-molecular markers and the development of high-density genetic maps, sequencing methods can be applied to provide equipment for the genetic development of fish species. In this volume, the quality of various genetic markers and their applications in various aquaculture topics are discussed. Mendelian's genetic predisposition derives genetic standards by noting individual aggregates that appear due to proper breeding analysis. The coordination of data and strategies obtained through advances in molecular science promotes another aspect of genetic quality, that is, sub-molecular genetic quality, which focuses on exploring all parts of genetic quality, such as its structure and capabilities"-- Back cover. |
| 650 #0 - SUBJECT ADDED ENTRY--TOPICAL TERM |
| Topical term or geographic name entry element |
Fishes |
| General subdivision |
Molecular genetics. |
| 650 #0 - SUBJECT ADDED ENTRY--TOPICAL TERM |
| Topical term or geographic name entry element |
Fishes |
| General subdivision |
Breeding. |
| 942 ## - ADDED ENTRY ELEMENTS (KOHA) |
| Source of classification or shelving scheme |
Dewey Decimal Classification |
| Suppress in OPAC |
No |
| Koha item type |
Books |
| Classification part |
639.3 |
| Item part |
B644m |
| Call number prefix |
CIR |
| Call number suffix |
2022 |